Star Trek Hauptfiguren pro Serie - Statistiken

Allgemein
  • Dieses Quiz wurde 42 mal gespielt
  • Das Durchschnittsergebnis liegt bei 29 aus 76
Antwortstatistiken
Antwort % Korrekt
Das nächste Jahrhundert Kommandant Jean-Luc Picard
93%
Raumschiff Enterprise Erster Offizier Spock
93%
Raumschiff Enterprise Wissenschaftsoffizier Spock
93%
Strange New Worlds Wissenschaftsoffizier Spock
93%
Raumschiff Enterprise Kommandant James T. Kirk
90%
Raumschiff Enterprise Chefingenieur Montgomery Scott
83%
Das nächste Jahrhundert Erster Offizier William T. Riker
80%
Raumschiff Enterprise Kommunikation Nyota Uhura
73%
Strange New Worlds Kommunikation Nyota Uhura
73%
Das nächste Jahrhundert Taktik, Strategie Worf
73%
Deep Space Nine Taktik, Strategie Worf
73%
Das nächste Jahrhundert Wissenschaftsoffizier Data
70%
Das nächste Jahrhundert Einsatzoffizier Data
70%
Das nächste Jahrhundert Medizin. Offizier Dr. Beverly Crusher
67%
Das nächste Jahrhundert Navigation, Steuerung Wesley Crusher
67%
Das nächste Jahrhundert Berater Deanna Troi
60%
Das nächste Jahrhundert Chefingenieur Geordi LaForge
60%
Raumschiff Enterprise Navigation, Steuerung Hikaru Sulu
60%
Voyager Kommandant Kathryn Janeway
60%
Raumschiff Enterprise Medizin. Offizier Dr. Leonard McCoy
57%
Deep Space Nine Chefingenieur Miles O’Brien
57%
Deep Space Nine Sicherheit Odo
57%
Raumschiff Enterprise Taktik, Strategie Pavel Chekov
57%
Voyager Astrometrie Seven of Nine
57%
Deep Space Nine Kommandant Benjamin Sisko
50%
Deep Space Nine Sonstige Jake Sisko
50%
Deep Space Nine Berater Ezri Dax
47%
Das nächste Jahrhundert Bar Guinan
47%
Deep Space Nine Wissenschaftsoffizier Jadzia Dax
47%
Deep Space Nine Bar Quark
47%
Das nächste Jahrhundert Sicherheit Tasha Yar
47%
Voyager Navigation, Steuerung Tom Paris
47%
Voyager Chefingenieur B’Elanna Torres
43%
Voyager Einsatzoffizier Harry Kim
43%
Voyager Bar Neelix
43%
Deep Space Nine Medizin. Offizier Dr. Julian Bashir
40%
Enterprise Kommandant Jonathan Archer
40%
Voyager Taktik, Strategie Tuvok
40%
Voyager Erster Offizier Chakotay
37%
Voyager Assis. Medizin Kes
33%
Deep Space Nine Erster Offizier Kira Nerys
30%
Enterprise Erster Offizier T’Pol
27%
Enterprise Wissenschaftsoffizier T’Pol
27%
Discovery Kommandant #2 Christopher Pike
23%
Strange New Worlds Kommandant Christopher Pike
23%
Enterprise Medizin. Offizier Dr. Phlox
23%
Enterprise Taktik, Strategie Malcolm Reed
20%
Enterprise Chefingenieur Trip Tucker
20%
Enterprise Kommunikation Hoshi Sato
17%
Voyager Medizin. Offizier Medizinisch-holografischesNotfallprogramm MHN
17%
Discovery Kommandant #3 Michael Burnham
17%
Enterprise Navigation, Steuerung Travis Mayweather
17%
Discovery Erster Offizier Saru
13%
Lower Decks Assis. Commando Beckett Mariner
10%
Lower Decks Assis. Operations Brad Boimler
10%
Lower Decks Kommandant Carol Freeman
10%
Strange New Worlds Assis. Medizin Christine Chapel
10%
Discovery Einsatzoffizier Sylvia Tilly
10%
Strange New Worlds Medizin. Offizier Dr. Joseph M’Benga
10%
Lower Decks Medizin. Offizier Dr. T’Ana
10%
Lower Decks Assis. Medizin D’Vana Tendi
10%
Discovery Kommandant #1 Gabriel Lorca
10%
Lower Decks Erster Offizier Jack Ransom
10%
Strange New Worlds Sicherheit La’an Noonien-Singh
10%
Lower Decks Assis. Ingenieur Sam Rutherford
10%
Lower Decks Sicherheit Shaxs
10%
Strange New Worlds Navigation, Steuerung Erica Ortegas
7%
Strange New Worlds Chefingenieur #1 Hemmer
7%
Discovery Taktik, Strategie Nhan
7%
Discovery Chefingenieur Paul Stamets
7%
Strange New Worlds Chefingenieur #2 Pelia
7%
Discovery Kommunikation Ronald Bryce
7%
Strange New Worlds Erster Offizier Una
7%
Lower Decks Chefingenieur Andy Billups
3%
Discovery Medizin. Offizier Dr. Hugh Culber
3%
Discovery Navigation, Steuerung Keyla Detmer
3%
Keine übereinstimmenden Quizze gefunden
Verteilung der Resultate
Anzahl Personen mit jedem Resultat
Perzentil nach korrekt beantworteten Fragen
Ihre Resultats-Entwicklung
Sie haben dieses Quiz noch nicht gespielt